000
00296nam a22001337a 4500
003
SGT
082
_a
615.53
_b
P15J
100
_a
JOSHI, VIMAL.R
245
_a
PRACTICAL BOOK OF RASA SHASTRA
260
_a
VARANASI
_b
CHAUKHAMBHA
_c
2015
300
_a
220
650
_a
RASA SHASTRA
942
_2
ddc
_c
BK
_0
9
999
_c
8585
_d
8585